000 00655nam a2200205Ia 4500
003 GCL
008 140319s9999 xx 000 0 ara d
040 _aGCL /
_cGCL
082 0 4 _a812.008
_bا ر
100 1 _aالفريد فرج
245 1 0 _aرواية حكايات الزمن الضائع /
_cالفريد فرج
260 _a[S.N] :
_bالهيئة المصرية العامة للكتاب ،
_c1989
300 _a490 ص
490 _aمؤلفات الفريد فرج
_v0
650 0 4 _aالادب العربى
650 0 4 _aالقصص العربية
650 0 4 _aالقصة العربية
650 0 4 _aالمجموعات
942 _2ddc
_cBK
999 _c27554
_d27554